000 00389nam a22001577a 4500
003 CEME
005 20210628202240.0
008 210317b xxu||||| |||| 00| 0 eng d
040 _c.
082 _a629.1 HUZ'M
100 _aHuzel, Dieter K
_958995
245 _aMethods to extend mechanical computer life
260 _aUSA
_bAIAA EME COLLEGE
_c1997
300 _a117P
942 _cBK
_2ddc
999 _c569054
_d569054